| 000 | 01156pam a2200325 a 4500 | ||
|---|---|---|---|
| 001 | 1562028 | ||
| 003 | SISC | ||
| 005 | 20160302093557.0 | ||
| 008 | 921119s1993 nyub 000 1 eng | ||
| 010 | _a 92043654 | ||
| 020 |
_a0312854641 (acidfree paper) : _c$21.95 ($28.95 Can.) |
||
| 040 |
_aDLC _cDLC _dOCoLC |
||
| 043 |
_an-cn-qu _an-cn--- |
||
| 050 | 0 | 0 |
_aPS 3557.E18 _b.G292 1993 |
| 082 | 0 | 0 |
_aHS 813.53 _bG26 1993 |
| 100 | 1 |
_aGear, Kathleen O'Neal. _914210 |
|
| 245 | 1 | 0 |
_aThis widowed land / _cKathleen O'Neal Gear |
| 250 | _a1st ed. | ||
| 260 |
_aNew York : _bTOR, _cc1993. |
||
| 300 |
_a384 p. : _bmap ; _c25 cm. |
||
| 610 | 2 | 0 |
_aJesuits _xMissions _xFiction. _914211 |
| 650 | 0 |
_aWyandot Indians _xFiction. _914212 |
|
| 651 | 0 |
_aCanada _xHistory _yTo 1763 (New France) _xFiction. _914213 |
|
| 651 | 0 |
_aQuébec (Province) _xFiction. _914214 |
|
| 655 | 7 |
_aHistorical fiction. _2gsafd _92926 |
|
| 906 |
_a7 _bcbc _corignew _d1 _eocip _f19 _gy-gencatlg |
||
| 942 |
_2lcc _cBK |
||
| 999 |
_c414 _d414 |
||